[Event "7th Reykjavik op"]
[Site "Reykjavik ISL"]
[Date "1976.??.??"]
[Round "6"]
[White "Tukmakov, Vladimir"]
[Black "Keene, Raymond Dennis"]
[WhiteElo "2490"]
[BlackElo "2460"]
[Result "1/2-1/2"]
[EventDate "1976.08.24"]
[PlyCount "53"]

1.e4 g6 2.d4 Bg7 3.Nc3 d6 4.Be3 a6 5.a4 Nf6 6.h3 O-O 7.Nf3 Nc6 8.d5 Nb4 9.
Be2 c6 10.O-O cxd5 11.exd5 Bd7 12.a5 Rc8 13.Ra3 Rxc3 14.bxc3 Nbxd5 15.Bc1 
Qc7 16.c4 Nb4 17.Be3 Ne4 18.Bb6 Qc8 19.Qb1 Nc6 20.Bd3 Nc5 21.Bxc5 dxc5 22.
Qb6 Bxh3 23.gxh3 Qxh3 24.Be2 Qg4+ 25.Kh1 Qh3+ 26.Kg1 Qg4+ 27.Kh1 1/2-1/2

[Event "7th Reykjavik op"]
[Site "Reykjavik ISL"]
[Date "1976.??.??"]
[Round "7"]
[White "Antoshin, Vladimir"]
[Black "Najdorf, Miguel"]
[WhiteElo "2460"]
[BlackElo "2510"]
[Result "1/2-1/2"]
[EventDate "1976.08.24"]
[PlyCount "109"]

1.d4 Nf6 2.Nf3 g6 3.Nc3 d5 4.Bf4 Bg7 5.e3 O-O 6.Be2 b6 7.O-O Bb7 8.Nb5 Na6
9.c4 c6 10.Nc3 c5 11.Ne5 cxd4 12.exd4 dxc4 13.Bxc4 Nc7 14.Qb3 e6 15.Rfd1 
Nfd5 16.Bg3 f5 17.f3 Kh8 18.Re1 Rc8 19.Rad1 g5 20.a4 Ba8 21.Bf1 Qe7 22.Nc4
f4 23.Bf2 Nxc3 24.bxc3 Nd5 25.Rc1 g4 26.fxg4 f3 27.g3 Nf6 28.Ne5 Ne4 29.
Bd3 Nxf2 30.Kxf2 Qg5 31.Rc2 Bd5 32.c4 Ba8 33.h4 Qd8 34.Qb2 Qd6 35.Rd2 Bc6 
36.Bc2 Rc7 37.Rdd1 Bd7 38.Bb3 Qb4 39.Rc1 Bc6 40.Qc3 Qd6 41.Rcd1 Bb7 42.Qd3
Ba6 43.Rc1 Rd8 44.Nxf3 Rf7 45.Kg2 Bxd4 46.Ng5 Rf2+ 47.Kh3 Rh2+ 48.Kxh2 
Bg1+ 49.Kg2 Qxd3 50.Rcd1 Bf2 51.Rxd3 Rxd3 52.Rxe6 Rxg3+ 53.Kxf2 Rxb3 54.
Re8+ Kg7 55.Re7+ 1/2-1/2

[Event "7th Reykjavik op"]
[Site "Reykjavik ISL"]
[Date "1976.??.??"]
[Round "7"]
[White "Keene, Raymond Dennis"]
[Black "Olafsson, Helgi"]
[WhiteElo "2460"]
[BlackElo "2370"]
[Result "1-0"]
[EventDate "1976.08.24"]
[PlyCount "63"]

1.c4 g6 2.e4 Bg7 3.d4 d6 4.Nc3 Nf6 5.Be2 O-O 6.Nf3 e5 7.O-O Nc6 8.d5 Ne7 
9.Nd2 c5 10.dxc6 bxc6 11.b4 d5 12.Ba3 Be6 13.b5 Re8 14.bxc6 d4 15.Bxe7 
Qxe7 16.Nd5 Qd6 17.Qa4 Rac8 18.c5 Qxc5 19.Rfc1 Qd6 20.Nxf6+ Bxf6 21.Ba6 
Bg5 22.Bxc8 Rxc8 23.Qa5 Rxc6 24.Rxc6 Qxc6 25.Nf3 Bf4 26.Nxe5 Qxe4 27.Re1 
Qd5 28.Qxd5 Bxd5 29.Nd3 Bd2 30.Re8+ Kg7 31.Kf1 Bxa2 32.Re2 1-0

[Event "7th Reykjavik op"]
[Site "Reykjavik ISL"]
[Date "1976.??.??"]
[Round "7"]
[White "Petursson, Margeir"]
[Black "Angantysson, Haukur"]
[WhiteElo "2390"]
[BlackElo "2400"]
[Result "1/2-1/2"]
[EventDate "1976.08.24"]
[PlyCount "87"]

1.c4 g6 2.e4 Bg7 3.d4 c5 4.Nf3 cxd4 5.Nxd4 Nc6 6.Be3 Nf6 7.Nc3 O-O 8.Be2 
b6 9.O-O Bb7 10.f3 e6 11.Qd2 d5 12.Nxc6 Bxc6 13.cxd5 exd5 14.e5 Nd7 15.f4 
Nc5 16.Bxc5 bxc5 17.Bf3 Rb8 18.Bxd5 Bxd5 19.Qxd5 Qxd5 20.Nxd5 Rxb2 21.Rfc1
Rd8 22.Rxc5 Bf8 23.Nf6+ Kg7 24.Rd5 Rc8 25.Rd3 Rcc2 26.Rg3 Bc5+ 27.Kh1 Rxa2
28.Rb1 Rab2 29.Rd1 Be7 30.h4 Bxf6 31.exf6+ Kxf6 32.Rd6+ Ke7 33.Ra6 Ra2 34.
Rga3 Rxa3 35.Rxa3 Rc7 36.Ra5 Kd7 37.h5 gxh5 38.Kh2 Ke7 39.Kg3 Kf8 40.Kh4 
Rc2 41.Kh3 Kg7 42.Rxa7 Kg6 43.g3 Rc1 44.Ra8 1/2-1/2

[Event "7th Reykjavik op"]
[Site "Reykjavik ISL"]
[Date "1976.??.??"]
[Round "7"]
[White "Thorsteinsson, Bjorn"]
[Black "Olafsson, Fridrik"]
[WhiteElo "2415"]
[BlackElo "2550"]
[Result "0-1"]
[EventDate "1976.08.24"]
[PlyCount "50"]

1.e4 c5 2.Nf3 e6 3.d4 cxd4 4.Nxd4 a6 5.Bd3 Nf6 6.O-O d6 7.c4 g6 8.Nc3 Bg7 
9.Be3 O-O 10.h3 Nbd7 11.Qd2 Ne5 12.Be2 Qc7 13.b3 b6 14.Rac1 Bb7 15.f3 Rfe8
16.Rfd1 Rad8 17.Bf1 Ba8 18.Qf2 h6 19.Nde2 Rb8 20.Na4 Nfd7 21.Nec3 f5 22.
exf5 gxf5 23.Qd2 Bxf3 24.Qxd6 Qb7 25.gxf3 Bf8 0-1

[Event "7th Reykjavik op"]
[Site "Reykjavik ISL"]
[Date "1976.??.??"]
[Round "7"]
[White "Vukcevich, Milan"]
[Black "Johannsson, Ingi Randver"]
[WhiteElo "2490"]
[BlackElo "2395"]
[Result "1-0"]
[EventDate "1976.08.24"]
[PlyCount "55"]

1.e4 e5 2.Nf3 Nc6 3.Bb5 a6 4.Ba4 Nf6 5.O-O Be7 6.Re1 b5 7.Bb3 O-O 8.c3 d6 
9.h3 Nb8 10.d4 Nbd7 11.Nbd2 Bb7 12.Bc2 Re8 13.b3 Bf8 14.Bb2 g6 15.a4 Bg7 
16.axb5 axb5 17.Bd3 c6 18.Qc2 Rxa1 19.Rxa1 Qb8 20.dxe5 dxe5 21.b4 Bf8 22.
Qb3 h6 23.c4 bxc4 24.Bxc4 Re7 25.Ra5 Ne8 26.Nxe5 Nxe5 27.Rxe5 Nd6 28.Rxe7 
1-0

[Event "7th Reykjavik op"]
[Site "Reykjavik ISL"]
[Date "1976.??.??"]
[Round "7"]
[White "Westerinen, Heikki"]
[Black "Gunnarsson, Gunnar"]
[WhiteElo "2485"]
[BlackElo "2310"]
[Result "1-0"]
[EventDate "1976.08.24"]
[PlyCount "61"]

1.e4 c5 2.Nf3 d6 3.d4 cxd4 4.Nxd4 Nf6 5.Nc3 a6 6.Bg5 e6 7.f4 Be7 8.Qf3 Qc7
9.O-O-O Nbd7 10.Qg3 b6 11.Be2 Bb7 12.Bf3 O-O-O 13.Rhe1 g6 14.e5 dxe5 15.
fxe5 Nh5 16.Bxh5 Bxg5+ 17.Qxg5 gxh5 18.Qxh5 Nc5 19.Re3 b5 20.a3 Qb6 21.
Qxf7 Rhf8 22.Qe7 Rf2 23.Ncxb5 axb5 24.Rc3 Rd5 25.Qe8+ Qd8 26.Rxc5+ Rxc5 
27.Qxd8+ Kxd8 28.Nxe6+ Ke7 29.Nxc5 Bxg2 30.Rd7+ Ke8 31.Rxh7 1-0

[Event "7th Reykjavik op"]
[Site "Reykjavik ISL"]
[Date "1976.??.??"]
[Round "8"]
[White "Angantysson, Haukur"]
[Black "Sigurjonsson, Gudmundur"]
[WhiteElo "2400"]
[BlackElo "2530"]
[Result "1/2-1/2"]
[EventDate "1976.08.24"]
[PlyCount "58"]

1.d4 g6 2.c4 Bg7 3.Nc3 d6 4.e4 Nd7 5.Be2 e5 6.d5 Ngf6 7.Bg5 h6 8.Be3 Nc5 
9.Bf3 a5 10.g4 h5 11.g5 Nfd7 12.Qd2 Nb6 13.Be2 Nba4 14.Nxa4 Nxa4 15.Nf3 
O-O 16.O-O-O Bh3 17.Rhg1 Nc5 18.Qc2 Qe7 19.Ne1 Rfe8 20.Bxc5 dxc5 21.Qd2 
Qd6 22.Nd3 Bd7 23.Qe3 b6 24.Rgf1 Rf8 25.Kb1 Rac8 26.Ne1 Kh7 27.Nd3 f6 28.
h4 fxg5 29.hxg5 Rf7 1/2-1/2

[Event "7th Reykjavik op"]
[Site "Reykjavik ISL"]
[Date "1976.??.??"]
[Round "8"]
[White "Gunnarsson, Gunnar"]
[Black "Keene, Raymond Dennis"]
[WhiteElo "2310"]
[BlackElo "2460"]
[Result "1-0"]
[EventDate "1976.08.24"]
[PlyCount "81"]

1.e4 g6 2.d4 Bg7 3.c4 d6 4.Nc3 Nd7 5.Be2 e5 6.d5 Ngf6 7.g4 Nc5 8.f3 a5 9.
h4 h5 10.g5 Nh7 11.Be3 O-O 12.Qd2 f6 13.Nh3 Bxh3 14.Rxh3 fxg5 15.hxg5 Rf4 
16.Bxf4 exf4 17.O-O-O Nxg5 18.Rh2 Qf6 19.Rg1 Nf7 20.Rhg2 Ne5 21.Kb1 c6 22.
dxc6 bxc6 23.Nd5 cxd5 24.Qxd5+ Kh7 25.Qxa8 a4 26.Qe8 a3 27.Bd1 axb2 28.Bc2
Kh6 29.a4 Ne6 30.a5 Nf8 31.a6 Nxf3 32.e5 Nxe5 33.a7 f3 34.Rxg6+ Nexg6 35.
Rxg6+ Nxg6 36.Qxg6+ Qxg6 37.Bxg6 Kxg6 38.a8=Q Bd4 39.Qxf3 h4 40.Qg4+ Kf6 
41.Qxd4+ 1-0

[Event "7th Reykjavik op"]
[Site "Reykjavik ISL"]
[Date "1976.??.??"]
[Round "8"]
[White "Johannsson, Ingi Randver"]
[Black "Westerinen, Heikki"]
[WhiteElo "2395"]
[BlackElo "2485"]
[Result "1/2-1/2"]
[EventDate "1976.08.24"]
[PlyCount "129"]

1.c4 Nf6 2.Nc3 g6 3.g3 Bg7 4.Bg2 O-O 5.Nf3 d6 6.O-O Nc6 7.d3 e5 8.Rb1 Bd7 
9.b4 Qc8 10.b5 Ne7 11.Ba3 Bh3 12.c5 Re8 13.cxd6 cxd6 14.Bxh3 Qxh3 15.Qb3 
Qd7 16.Ne4 Nxe4 17.dxe4 d5 18.Rbd1 d4 19.e3 a6 20.exd4 exd4 21.Nxd4 Bxd4 
22.Bb2 Qxb5 23.Rxd4 Qxb3 24.axb3 Nc6 25.Rd7 Rxe4 26.Rxb7 Na5 27.Rc7 Re2 
28.Bc3 Nxb3 29.Rb1 Nd2 30.Rbb7 Ne4 31.Bd4 Nd6 32.Ra7 Ree8 33.Bf6 Nb5 34.
Rxa8 Rxa8 35.Rb7 Nd6 36.Rb4 Kf8 37.g4 a5 38.Rd4 Ne8 39.Bg5 a4 40.Rd2 a3 
41.Ra2 Nd6 42.Bf6 Ke8 43.Kg2 Kd7 44.Kf3 Ra4 45.Ba1 Kc6 46.Bg7 Nc4 47.h3 
Rb4 48.Kf4 Rb3 49.h4 Kd5 50.Kg5 Ke4 51.Kh6 Kf4 52.g5 Rh3 53.Kxh7 Rxh4+ 54.
Bh6 Ke4 55.Kg8 Rf4 56.Bg7 Rf3 57.Bf6 Nd6 58.Be7 Ke5 59.Bf6+ Kf5 60.Rd2 Ke6
61.Re2+ Kd5 62.Re5+ Kc4 63.Ra5 Kb3 64.Ra6 Rd3 65.Be7 1/2-1/2

[Event "7th Reykjavik op"]
[Site "Reykjavik ISL"]
[Date "1976.??.??"]
[Round "8"]
[White "Najdorf, Miguel"]
[Black "Thorsteinsson, Bjorn"]
[WhiteElo "2510"]
[BlackElo "2415"]
[Result "1/2-1/2"]
[EventDate "1976.08.24"]
[PlyCount "68"]

1.c4 Nf6 2.g3 e6 3.Bg2 d5 4.Nf3 Be7 5.O-O O-O 6.d4 dxc4 7.Ne5 c5 8.dxc5 
Bxc5 9.Nxc4 Nc6 10.Nc3 Qe7 11.Bg5 Rd8 12.Qc1 h6 13.Bxf6 Qxf6 14.Bxc6 bxc6 
15.Ne4 Qe7 16.Ne5 Rd5 17.Nxc6 Qd7 18.Nxc5 Qxc6 19.b4 e5 20.Rd1 Bh3 21.e4 
Rxd1+ 22.Qxd1 Rb8 23.a3 a5 24.Qh5 Qc8 25.Qxe5 axb4 26.axb4 Rxb4 27.Rc1 Qd8
28.Qh5 Qg5 29.Qxg5 hxg5 30.Re1 Rc4 31.Nd3 Rc2 32.Nb4 Rd2 33.Nd5 Kf8 34.Ne3
g4 1/2-1/2

[Event "7th Reykjavik op"]
[Site "Reykjavik ISL"]
[Date "1976.??.??"]
[Round "8"]
[White "Olafsson, Fridrik"]
[Black "Timman, Jan"]
[WhiteElo "2550"]
[BlackElo "2550"]
[Result "1/2-1/2"]
[EventDate "1976.08.24"]
[PlyCount "44"]

1.d4 Nf6 2.c4 e6 3.Nf3 b6 4.a3 c5 5.d5 Ba6 6.Qc2 Qe7 7.dxe6 Qxe6 8.e3 g6 
9.b3 Bg7 10.Bb2 O-O 11.Nc3 d5 12.Nxd5 Nxd5 13.cxd5 Qxd5 14.Bxg7 Kxg7 15.
Qc3+ Kg8 16.Rd1 Qf5 17.Bxa6 Nxa6 18.Ne5 Rad8 19.O-O Qe6 20.h3 f6 21.Nd3 
Nc7 22.Nf4 Qf7 1/2-1/2

[Event "7th Reykjavik op"]
[Site "Reykjavik ISL"]
[Date "1976.??.??"]
[Round "8"]
[White "Olafsson, Helgi"]
[Black "Matera, Sal"]
[WhiteElo "2370"]
[BlackElo "2420"]
[Result "1/2-1/2"]
[EventDate "1976.08.24"]
[PlyCount "107"]

1.c4 Nf6 2.Nc3 e6 3.Nf3 c5 4.g3 b6 5.Bg2 Bb7 6.O-O Be7 7.d4 cxd4 8.Qxd4 
Nc6 9.Qf4 O-O 10.Rd1 Qb8 11.Qxb8 Raxb8 12.Bf4 Rbc8 13.e4 Rfd8 14.e5 Ne8 
15.Nb5 Nb4 16.Nxa7 Ra8 17.Nb5 Nxa2 18.Be3 Bc5 19.Bxc5 bxc5 20.Nd2 Bxg2 21.
Kxg2 d5 22.exd6 Nxd6 23.Nxd6 Rxd6 24.Ne4 Rxd1 25.Rxd1 Rc8 26.Ra1 Nb4 27.
Nxc5 h6 28.Ra5 Nc6 29.Ra4 Ne5 30.f4 Rxc5 31.fxe5 Rxe5 32.Ra8+ Kh7 33.b4 
Re2+ 34.Kg1 Rb2 35.b5 Kg6 36.Ra5 Kf6 37.c5 Ke5 38.b6 Kd5 39.Ra7 Kxc5 40.
Rxf7 Rxb6 41.Rxg7 e5 42.Rd7 Rb1+ 43.Kg2 Rb2+ 44.Kf3 Rxh2 45.Ke4 Re2+ 46.
Kf5 h5 47.Rd8 Kc4 48.Rd7 e4 49.Rd8 Re1 50.Rd7 Re2 51.Rd8 Re3 52.Rd7 Kc5 
53.Rd8 Kc6 54.Rd1 1/2-1/2

[Event "7th Reykjavik op"]
[Site "Reykjavik ISL"]
[Date "1976.??.??"]
[Round "8"]
[White "Petursson, Margeir"]
[Black "Vukcevich, Milan"]
[WhiteElo "2390"]
[BlackElo "2490"]
[Result "0-1"]
[EventDate "1976.08.24"]
[PlyCount "50"]

1.c4 e5 2.Nc3 d6 3.Nf3 f5 4.d4 e4 5.Nd2 Nf6 6.e3 c6 7.f3 d5 8.Qb3 Be7 9.
Be2 O-O 10.cxd5 cxd5 11.fxe4 fxe4 12.Ndxe4 Nxe4 13.Nxe4 Nc6 14.Nc3 Bb4 15.
Bf3 Qh4+ 16.g3 Qh3 17.Rf1 Qxh2 18.Bxd5+ Kh8 19.Rxf8+ Bxf8 20.Be6 Qxg3+ 21.
Ke2 Qg2+ 22.Ke1 Nb4 23.Bxc8 Rxc8 24.Rb1 Be7 25.Qc2 Bh4+ 0-1

[Event "7th Reykjavik op"]
[Site "Reykjavik ISL"]
[Date "1976.??.??"]
[Round "9"]
[White "Antoshin, Vladimir"]
[Black "Olafsson, Helgi"]
[WhiteElo "2460"]
[BlackElo "2370"]
[Result "1/2-1/2"]
[EventDate "1976.08.24"]
[PlyCount "57"]

1.d4 Nf6 2.Nf3 g6 3.Nc3 d5 4.Bf4 Bg7 5.e3 O-O 6.Be2 b6 7.O-O Nh5 8.Bg5 h6 
9.Bh4 g5 10.Ne5 gxh4 11.Bxh5 Be6 12.f4 Bxe5 13.dxe5 Qd7 14.Qf3 f5 15.Rad1 
c6 16.Qh3 Bf7 17.Bf3 Na6 18.e4 e6 19.exf5 exf5 20.Ne4 Qe7 21.Nf6+ Kg7 22.
Qxh4 Qc5+ 23.Rf2 Rad8 24.Rd3 Qa5 25.Be2 Qe1+ 26.Bf1 Rh8 27.Nh5+ Bxh5 28.
Rg3+ Bg4 29.Qf6+ 1/2-1/2

[Event "7th Reykjavik op"]
[Site "Reykjavik ISL"]
[Date "1976.??.??"]
[Round "9"]
[White "Matera, Sal"]
[Black "Gunnarsson, Gunnar"]
[WhiteElo "2420"]
[BlackElo "2310"]
[Result "1-0"]
[EventDate "1976.08.24"]
[PlyCount "71"]

1.d4 Nf6 2.c4 e6 3.g3 d5 4.Bg2 dxc4 5.Qa4+ Bd7 6.Qxc4 Bc6 7.Nf3 Nbd7 8.Nc3
Nb6 9.Qd3 Bb4 10.O-O O-O 11.Re1 Bxc3 12.bxc3 Be4 13.Qd1 Qd5 14.Bf4 Rac8 
15.Bf1 Qf5 16.Ne5 Nbd5 17.Bd2 c5 18.f3 cxd4 19.cxd4 Bc2 20.e4 Qh5 21.Qe2 
Nb6 22.Qf2 g5 23.Bb4 Rfe8 24.Bb5 Ba4 25.Bxe8 Nxe8 26.Rac1 Ra8 27.Bc5 Nd7 
28.Nxd7 Bxd7 29.g4 Qg6 30.d5 exd5 31.exd5 Nf6 32.Qd4 Be8 33.Ba3 Nd7 34.Rc7
Qb6 35.Qxb6 Nxb6 36.Re5 1-0

[Event "7th Reykjavik op"]
[Site "Reykjavik ISL"]
[Date "1976.??.??"]
[Round "9"]
[White "Sigurjonsson, Gudmundur"]
[Black "Olafsson, Fridrik"]
[WhiteElo "2530"]
[BlackElo "2550"]
[Result "1/2-1/2"]
[EventDate "1976.08.24"]
[PlyCount "42"]

1.e4 c5 2.Nf3 Nc6 3.d4 cxd4 4.Nxd4 Nf6 5.Nc3 d6 6.f4 e6 7.Be3 Be7 8.Qf3 e5
9.Nxc6 bxc6 10.f5 Qa5 11.Bc4 Rb8 12.Bb3 d5 13.Bd2 Bb4 14.O-O-O d4 15.Nb1 
O-O 16.a3 Bxd2+ 17.Nxd2 Nd7 18.g4 Nc5 19.g5 Nxb3+ 20.cxb3 Qb5 21.Kb1 Ba6 
1/2-1/2

[Event "7th Reykjavik op"]
[Site "Reykjavik ISL"]
[Date "1976.??.??"]
[Round "9"]
[White "Thorsteinsson, Bjorn"]
[Black "Tukmakov, Vladimir"]
[WhiteElo "2415"]
[BlackElo "2490"]
[Result "0-1"]
[EventDate "1976.08.24"]
[PlyCount "74"]

1.e4 c5 2.Nf3 d6 3.d4 cxd4 4.Nxd4 Nf6 5.Nc3 Nc6 6.Bg5 e6 7.Qd2 a6 8.O-O-O 
h6 9.Bxf6 Qxf6 10.Nb3 Qd8 11.f4 Be7 12.Kb1 Bd7 13.Be2 Qc7 14.g4 g5 15.h4 
gxf4 16.Qxf4 O-O-O 17.Nd2 Kb8 18.Nf3 Be8 19.g5 h5 20.Nh2 Ne5 21.Nf1 f6 22.
gxf6 Rf8 23.Ng3 Bxf6 24.Qh6 Bg6 25.Rdf1 Rh8 26.Qf4 Rdf8 27.Qd2 Qe7 28.Qd1 
Rd8 29.Nxh5 Bxh5 30.Bxh5 Nc4 31.Rf3 Rc8 32.Bg4 Rhg8 33.Rfh3 d5 34.Be2 Nxb2
35.Kxb2 Qb4+ 36.Kc1 Qa4 37.Kb1 Rxc3 0-1

[Event "7th Reykjavik op"]
[Site "Reykjavik ISL"]
[Date "1976.??.??"]
[Round "9"]
[White "Vukcevich, Milan"]
[Black "Angantysson, Haukur"]
[WhiteElo "2490"]
[BlackElo "2400"]
[Result "1/2-1/2"]
[EventDate "1976.08.24"]
[PlyCount "149"]

1.e4 g6 2.d4 Bg7 3.Nc3 c6 4.Nf3 d5 5.h3 Nh6 6.Bg5 f6 7.Be3 Nf7 8.Be2 O-O 
9.O-O Na6 10.Qd2 Nc7 11.Rad1 b6 12.Rfe1 Bb7 13.Qc1 Re8 14.Bf1 Qd7 15.Nh2 
Rad8 16.f4 dxe4 17.Nxe4 Nd5 18.Bf2 f5 19.Nc3 Nxc3 20.bxc3 Nd6 21.Nf3 Ne4 
22.Bc4+ e6 23.Bh4 Rc8 24.Ne5 Qc7 25.Qe3 a6 26.Bb3 c5 27.c4 cxd4 28.Qxd4 g5
29.Rxe4 Rcd8 30.Bxg5 Rxd4 31.Rexd4 Bxe5 32.fxe5 Qxe5 33.R1d2 Bc6 34.Bf4 
Qc5 35.Bd6 Qa5 36.R4d3 Kf7 37.c3 b5 38.c5 b4 39.Rf2 Kf6 40.Re3 e5 41.g4 
Bd7 42.c6 Bc8 43.cxb4 Qb6 44.Bxe5+ Rxe5 45.g5+ Kxg5 46.Rxe5 Qxc6 47.Rc5 
Qe8 48.Bd5 Bd7 49.Rc4 Qe1+ 50.Kg2 Bb5 51.Rcf4 Bd3 52.a4 Qe5 53.h4+ Kg6 54.
Bc6 Qd6 55.b5 axb5 56.axb5 Bxb5 57.h5+ Kh6 58.Bxb5 Qd5+ 59.Kh3 Qxb5 60.
Rxf5 Qb1 61.Rf1 Qc2 62.Kg3 Qe4 63.R1f2 Qb1 64.Kh2 Qe4 65.R2f4 Qb1 66.Kg2 
Qc2+ 67.Kh3 Qb1 68.Rf1 Qc2 69.R5f2 Qe4 70.Rf4 Qc2 71.Kg3 Kg5 72.Rg4+ Kh6 
73.Rgf4 Kg5 74.Rg4+ Kh6 75.Rgf4 1/2-1/2

[Event "7th Reykjavik op"]
[Site "Reykjavik ISL"]
[Date "1976.??.??"]
[Round "9"]
[White "Westerinen, Heikki"]
[Black "Petursson, Margeir"]
[WhiteElo "2485"]
[BlackElo "2390"]
[Result "1-0"]
[EventDate "1976.08.24"]
[PlyCount "65"]

1.e4 c5 2.Nf3 d6 3.d4 cxd4 4.Nxd4 Nf6 5.Nc3 a6 6.Bg5 e6 7.f4 Be7 8.Qf3 Qc7
9.O-O-O Nbd7 10.Qg3 h6 11.Bh4 g5 12.fxg5 Nh5 13.Qe3 Qc5 14.Kb1 hxg5 15.Bf2
Ne5 16.Qd2 Qc7 17.Nf3 Nxf3 18.gxf3 Bd7 19.h4 gxh4 20.Be2 O-O-O 21.Bxh4 Bc6
22.Bf2 b5 23.a3 Qb7 24.Na2 Kb8 25.Nb4 Nf6 26.Qc3 Bd7 27.Rxh8 Rxh8 28.Bg3 
e5 29.Bxe5 Rh6 30.Qd2 Rg6 31.Bxd6+ Bxd6 32.Qxd6+ Kc8 33.Qf8+ 1-0

[Event "7th Reykjavik op"]
[Site "Reykjavik ISL"]
[Date "1976.??.??"]
[Round "10"]
[White "Angantysson, Haukur"]
[Black "Olafsson, Fridrik"]
[WhiteElo "2400"]
[BlackElo "2550"]
[Result "1/2-1/2"]
[EventDate "1976.08.24"]
[PlyCount "85"]

1.d4 Nf6 2.c4 e6 3.Nf3 d5 4.g3 dxc4 5.Qa4+ Nbd7 6.Bg2 a6 7.Qxc4 c5 8.O-O 
b5 9.Qd3 Bb7 10.dxc5 Bxc5 11.Be3 O-O 12.Bxc5 Nxc5 13.Qxd8 Rfxd8 14.Rc1 
Rac8 15.Nc3 b4 16.Nd1 Nfd7 17.Nd2 Bxg2 18.Kxg2 Na4 19.Nc4 Ndb6 20.Nxb6 
Nxb6 21.Rxc8 Rxc8 22.Ne3 Kf8 23.Rd1 Ke7 24.Rd2 a5 25.f4 f5 26.Kf2 Na4 27.
Kf3 Rc1 28.Rd1 Rc6 29.Rd2 g6 30.h3 Rc1 31.Rd1 Rxd1 32.Nxd1 Kd6 33.e4 Nc5 
34.exf5 exf5 35.Ne3 a4 36.Ke2 h5 37.Nc4+ Kd5 38.Ne5 Ke4 39.Nf3 Kd5 40.Nh4 
Ke4 41.Nf3 Ne6 42.Nd2+ Kd5 43.Ke3 1/2-1/2

[Event "7th Reykjavik op"]
[Site "Reykjavik ISL"]
[Date "1976.??.??"]
[Round "10"]
[White "Gunnarsson, Gunnar"]
[Black "Antoshin, Vladimir"]
[WhiteElo "2310"]
[BlackElo "2460"]
[Result "0-1"]
[EventDate "1976.08.24"]
[PlyCount "124"]

1.e4 e6 2.d4 d5 3.Nc3 Bb4 4.e5 Qd7 5.f4 b6 6.Nf3 Ne7 7.a3 Bxc3+ 8.bxc3 Ba6
9.Bxa6 Nxa6 10.a4 Nb8 11.O-O Nbc6 12.Nd2 Na5 13.Qf3 Rc8 14.Ba3 c5 15.dxc5 
bxc5 16.Rfb1 O-O 17.Rb5 Nb7 18.Rab1 Rc7 19.a5 a6 20.Rb6 Ra8 21.Qe2 Nxa5 
22.Rxa6 Qc8 23.Rxa8 Qxa8 24.Qb5 Nb7 25.Qb6 Qc8 26.Rb5 h6 27.Nb3 g5 28.fxg5
hxg5 29.Nxc5 Nxc5 30.Bxc5 Ng6 31.Qa5 Rb7 32.Qa6 Rb8 33.Qxc8+ Rxc8 34.Bd4 
Ra8 35.Rb2 Ra1+ 36.Kf2 Rd1 37.g3 Rd2+ 38.Kg1 Re2 39.h3 Nxe5 40.Rb8+ Kh7 
41.Kf1 Re4 42.Kf2 f6 43.Rc8 Kg6 44.g4 Nc4 45.Rd8 Na3 46.Bc5 Nxc2 47.Rd7 
Ne1 48.Bf8 Nd3+ 49.Kg1 f5 50.gxf5+ Kxf5 51.Rf7+ Kg6 52.Rf3 Nf4 53.Kf1 Kh5 
54.Rg3 Ne2 55.Rf3 Nxc3 56.Be7 Rf4 57.Rxf4 gxf4 58.Kf2 Kg6 59.Kf3 Kf5 60.h4
Ne4 61.h5 Ng5+ 62.Ke2 Nf7 0-1

[Event "7th Reykjavik op"]
[Site "Reykjavik ISL"]
[Date "1976.??.??"]
[Round "10"]
[White "Johannsson, Ingi Randver"]
[Black "Matera, Sal"]
[WhiteElo "2395"]
[BlackElo "2420"]
[Result "1/2-1/2"]
[EventDate "1976.08.24"]
[PlyCount "61"]

1.c4 g6 2.Nc3 Bg7 3.g3 Nf6 4.Bg2 O-O 5.Nf3 d5 6.cxd5 Nxd5 7.O-O Nc6 8.Nxd5
Qxd5 9.d3 Qb5 10.Rb1 a5 11.b3 a4 12.Bb2 e5 13.bxa4 Qxa4 14.Qxa4 Rxa4 15.a3
Nd4 16.Bxd4 exd4 17.Nd2 b6 18.Rfc1 Ra7 19.Kf1 Be5 20.Nc4 Bf6 21.Bc6 Be6 
22.a4 Rd8 23.Na3 Be7 24.Nb5 Rxa4 25.Nxc7 Rb4 26.Nxe6 fxe6 27.Rxb4 Bxb4 28.
Rb1 Ba5 29.Rb5 Kf7 30.h4 Rc8 31.Be4 1/2-1/2

[Event "7th Reykjavik op"]
[Site "Reykjavik ISL"]
[Date "1976.??.??"]
[Round "10"]
[White "Najdorf, Miguel"]
[Black "Sigurjonsson, Gudmundur"]
[WhiteElo "2510"]
[BlackElo "2530"]
[Result "1-0"]
[EventDate "1976.08.24"]
[PlyCount "69"]

1.Nf3 Nf6 2.d4 g6 3.g3 Bg7 4.Bg2 O-O 5.c4 d6 6.Nc3 Nbd7 7.O-O e5 8.e4 c6 
9.b3 Re8 10.h3 a6 11.Be3 b5 12.dxe5 dxe5 13.Qc2 Qc7 14.c5 Bf8 15.b4 a5 16.
a3 Nh5 17.Nd2 a4 18.Rad1 Bg7 19.Ne2 Nf8 20.Qc1 Ne6 21.Nf3 Bd7 22.Rd6 Rad8 
23.Rfd1 Bc8 24.g4 Nhf4 25.Nxf4 exf4 26.Bxf4 Nxf4 27.Qxf4 Be6 28.e5 Bd5 29.
Re1 Rd7 30.Nd4 Rde7 31.Nxc6 Bxc6 32.Rxc6 Qb8 33.Rb6 Qc7 34.Rb7 Qd8 35.c6 
1-0

[Event "7th Reykjavik op"]
[Site "Reykjavik ISL"]
[Date "1976.??.??"]
[Round "10"]
[White "Petursson, Margeir"]
[Black "Keene, Raymond Dennis"]
[WhiteElo "2390"]
[BlackElo "2460"]
[Result "0-1"]
[EventDate "1976.08.24"]
[PlyCount "52"]

1.c4 b6 2.d4 Bb7 3.Nc3 e6 4.a3 d5 5.cxd5 exd5 6.Nf3 Be7 7.Bf4 Nf6 8.e3 O-O
9.Bd3 c5 10.Rc1 Nbd7 11.O-O Nh5 12.Be5 Nxe5 13.Nxe5 Nf6 14.f4 a6 15.Rf3 
cxd4 16.exd4 Ne4 17.Rh3 g6 18.f5 Bg5 19.Rc2 Rc8 20.Qg4 b5 21.fxg6 hxg6 22.
Rf3 Qb6 23.Ne2 Rxc2 24.Bxc2 Bc8 25.Nd7 Qd8 26.Bxe4 Bxd7 0-1

[Event "7th Reykjavik op"]
[Site "Reykjavik ISL"]
[Date "1976.??.??"]
[Round "11"]
[White "Antoshin, Vladimir"]
[Black "Johannsson, Ingi Randver"]
[WhiteElo "2460"]
[BlackElo "2395"]
[Result "1/2-1/2"]
[EventDate "1976.08.24"]
[PlyCount "83"]

1.Nf3 Nf6 2.b3 e6 3.Bb2 c5 4.e3 b6 5.d4 Bb7 6.Bd3 Be7 7.Nbd2 O-O 8.O-O d5 
9.Ne5 Nbd7 10.Qf3 Rc8 11.Qh3 Ne4 12.f3 Ng5 13.Qg3 f6 14.Ng4 f5 15.Ne5 Nxe5
16.dxe5 b5 17.Be2 Qb6 18.a4 a6 19.Rfb1 f4 20.Qf2 fxe3 21.Qxe3 d4 22.Qd3 
Qc7 23.axb5 axb5 24.Ra7 Rb8 25.Qxb5 Qxe5 26.Qd3 Bd6 27.g3 Qd5 28.Rf1 Rf7 
29.Nc4 Rbf8 30.Rxb7 Rxb7 31.Bc1 Bb8 32.h4 Nf7 33.f4 Qf5 34.Qf3 Qd5 35.Qd3 
Ra7 36.Bf3 Qd8 37.Bd2 Nd6 38.Ne5 Ra2 39.b4 Ba7 40.Qb3 Ra6 41.Qxe6+ Kh8 42.
Kg2 1/2-1/2

[Event "7th Reykjavik op"]
[Site "Reykjavik ISL"]
[Date "1976.??.??"]
[Round "11"]
[White "Matera, Sal"]
[Black "Petursson, Margeir"]
[WhiteElo "2420"]
[BlackElo "2390"]
[Result "1/2-1/2"]
[EventDate "1976.08.24"]
[PlyCount "38"]

1.e4 c5 2.Nc3 d6 3.g3 g6 4.Bg2 Bg7 5.d3 Nc6 6.Nge2 e5 7.Be3 Nge7 8.f4 Nd4 
9.O-O Be6 10.Qd2 O-O 11.Rf2 Qd7 12.Re1 f5 13.fxe5 dxe5 14.Nc1 Rad8 15.Ref1
b5 16.exf5 gxf5 17.Bh6 Ng6 18.Re1 b4 19.Nd1 Bxh6 1/2-1/2

[Event "7th Reykjavik op"]
[Site "Reykjavik ISL"]
[Date "1976.??.??"]
[Round "11"]
[White "Olafsson, Fridrik"]
[Black "Najdorf, Miguel"]
[WhiteElo "2550"]
[BlackElo "2510"]
[Result "1-0"]
[EventDate "1976.08.24"]
[PlyCount "83"]

1.c4 Nf6 2.Nc3 e6 3.Nf3 d5 4.d4 Be7 5.Bg5 O-O 6.Rc1 Nbd7 7.e3 a6 8.a4 c6 
9.Bd3 dxc4 10.Bxc4 Nd5 11.Bxe7 Qxe7 12.O-O Nxc3 13.Rxc3 e5 14.Nxe5 Nxe5 
15.dxe5 Qxe5 16.f4 Qa5 17.Qc2 Be6 18.Bxe6 fxe6 19.Qb3 Rf7 20.Rd1 Re8 21.h3
g5 22.Rc4 gxf4 23.exf4 Rd8 24.Rxd8+ Qxd8 25.Re4 Qd5 26.Qe3 Rg7 27.Kh2 h5 
28.Qe2 Qf5 29.Qc4 Qd5 30.Qe2 Qf5 31.g3 h4 32.g4 Qf6 33.Kg2 Rd7 34.g5 Qf5 
35.Rxe6 Qxf4 36.Rg6+ Rg7 37.Qe8+ Qf8 38.Qe6+ Kh8 39.Rh6+ Rh7 40.Qe5+ Kg8 
41.Rg6+ Rg7 42.Qe6+ 1-0

[Event "7th Reykjavik op"]
[Site "Reykjavik ISL"]
[Date "1976.??.??"]
[Round "11"]
[White "Westerinen, Heikki"]
[Black "Angantysson, Haukur"]
[WhiteElo "2485"]
[BlackElo "2400"]
[Result "1-0"]
[EventDate "1976.08.24"]
[PlyCount "73"]

1.e4 g6 2.d4 Bg7 3.Nc3 c6 4.Nf3 d5 5.h3 Nh6 6.Bd3 f6 7.Bf4 Nf7 8.e5 f5 9.
Qd2 Na6 10.Bxa6 bxa6 11.Na4 h6 12.h4 e6 13.O-O-O Bf8 14.Rdg1 Rb8 15.g4 Rb4
16.gxf5 Rxa4 17.fxg6 Rxa2 18.Kb1 Qa5 19.Qxa5 Rxa5 20.g7 Rg8 21.gxf8=Q+ 
Rxf8 22.Rg7 Nd8 23.Bd2 Rb5 24.Rh3 Nf7 25.Rh7 Rb7 26.Bxh6 Nxh6 27.Rxh6 Rbf7
28.Ng5 Rxf2 29.Nh7 R8f4 30.Nf6+ Kd8 31.Rg3 Kc7 32.Rh7+ Kb6 33.Rb3+ Ka5 34.
c3 Rh2 35.Rc7 Rh1+ 36.Ka2 Rf2 37.Rb4 1-0

[Event "7th Reykjavik op"]
[Site "Reykjavik ISL"]
[Date "1976.??.??"]
[Round "12"]
[White "Gunnarsson, Gunnar"]
[Black "Timman, Jan"]
[WhiteElo "2310"]
[BlackElo "2550"]
[Result "0-1"]
[EventDate "1976.08.24"]
[PlyCount "80"]

1.Nf3 g6 2.g3 Bg7 3.Bg2 e5 4.O-O Ne7 5.c4 c6 6.Nc3 d5 7.cxd5 cxd5 8.d4 e4 
9.Ne1 Nbc6 10.Nc2 Be6 11.Bf4 a6 12.Qd2 h6 13.Rad1 g5 14.Be3 O-O 15.f3 exf3
16.exf3 Nf5 17.Bf2 Rc8 18.f4 g4 19.Qd3 Nce7 20.Rfe1 Qd7 21.Rd2 Rc7 22.Ne3 
Nxe3 23.Bxe3 Rfc8 24.Bf2 Rc4 25.Qc2 b5 26.a3 Nf5 27.Qd1 h5 28.Bf1 R4c7 29.
Qb3 Nd6 30.Na2 Ne4 31.Rde2 Nxf2 32.Kxf2 Bxd4+ 33.Kg2 Bf5 34.Kh1 Bc2 35.Qb4
Bf6 36.Bg2 d4 37.Rxc2 Rxc2 38.Be4 d3 39.Rd1 Rxb2 40.Rxd3 Rxb4 0-1